| 000 | 03962nam a2200277 a 4500 | ||
|---|---|---|---|
| 001 | 000007817 | ||
| 005 | 20200929154316.0 | ||
| 008 | 090911s2009 dr r 001 0 spa d | ||
| 020 | _a9789945427769 | ||
| 040 |
_aDO-SdBNP _bspa _cBNPHU |
||
| 082 |
_a301 _bJ94f |
||
| 100 | 1 |
_aJulián, José Francisco, _d1949- _921527 |
|
| 245 | 1 | 0 |
_aFlagelos / _cJosé Francisco Julián. |
| 260 |
_aSanto Domingo : _fBúho _c2009. |
||
| 300 |
_a392 p. ; _c23 cm. |
||
| 500 | _aIncluye datos biografícos del autor. | ||
| 504 | _aBibliografía : p. 389-392. | ||
| 505 | 1 | _aUn alerta valiente y oportuno a nuestras conciencias / Aquiles Julián -- Presentación -- 1. Las drogas -- El problema de las drogas -- Países con experiencia en el caos causado por las drogas -- Estados Unidos -- España -- Argumento -- Combate -- Escalera -- Secreto bancario -- Extradición -- Desviación -- Territorios-- Estadísticas -- Militares-- Beneficios -- Guerras -- Legalización -- Colombia -- Pablo Escobar -- Carlos Lehder -- Hermanos Rodríguez Orejuela -- Señor de los cielos -- Tipos de drogas -- FARC -- Un poco del pasado -- Personalidad del adicto -- Modelos sociales -- Productos caseros -- Comportamiento del joven debutante -- En los deportes -- Caso del general Arnaldo Ochoa -- Puerto Rico -- República Dominicana- Rolando Florián Feliz -- Quirino Ernesto Paulino -- Manuel Antonio Noriega -- México -- Carteles -- Cardenal Juan de Jesús Posada Ocampo -- El alcohol -- Al capone -- Babe face Nelson -- Medicamentos: El naltrexone y antabuse -- Otras consecuencias -- El tabaco -- Tipos de curados -- Descripción minuciosa de los componentes del cigarrillo -- Monóxido de carbono -- Comentarios -- Mito de los Indios Hurones -- Infracción grave -- Comentario -- Jurisprudencia sobre drogas. | |
| 505 | 1 | _a2. Violencia intrafamiliar -- Violencia intrafamiliar -- Agresiones entre Estados -- Violencia en la pareja -- Conducta de la mujer violada -- Terapeuta o psicólogo -- Historial -- Estadísticas -- Acoso sexual -- Posibilidades de prevención -- psicópatas -- Motivos de homicidios -- Países -- Aborto -- Artículo 317 del Código Penal -- Efectos -- Agresión contra el menor -- El niño modelo -- Errores educativos más frecuentes -- Abuso sexual del menor -- Signos de abuso sexual en los adolescentes -- Datos a tener en cuenta -- Jurisprudencia -- Parricidio -- Infanticidio -- Los elementos constitutivos -- Envenenamiento -- Personas mayores -- Pepe González -- Moraleja -- El divorcio -- Profamilia -- Señales de suicidio -- Análisis ley 24-97 contra la violencia intrafamiliar -- En resumen -- Violencia reprimida -- Violencia explícita e implícita -- Violencia del estado contra ciudadanos -- Presión escrita -- Paz -- Paz en la tormenta -- 3. El problema haitiano -- Perfil haitiano -- Pasado borroso -- Toussaint Louverture -- Dessalines -- La junta de Bondillo -- Juan Sánchez Ramírez --- Todas estas medidas se tomaron en el gobierno de Boyer -- Llegada de Duarte -- El papel de la Iglesia en el gobierno de Boyer -- Oposición criolla de Boyer y predominio haitiano -- Entendimiento -- Colorido -- Generalísimo -- Razones de la matanza -- Pedro Santana -- Pro y antihaitianismo a traves de la historia -- Pasado reciente -- Bateyes -- Clasificación -- Corrientes migratorias -- Datos importantes -- Visión social -- Invasión americana -- Situación de la parte española -- Industria azucarera moderna -- San Pedro de Macorís -- Figuras -- De fronteras, migraciones y repatriaciones -- Conclusiones -- Bibliografía. | |
| 650 | 4 |
_aAmérica latina _xAspectos sociales _921528 |
|
| 650 | 4 |
_aAbuso de drogas _xCuestiones sociales y morales _921529 |
|
| 650 | 4 |
_aViolencia familiar _xCuestiones sociales y morales _921530 |
|
| 650 | 4 |
_aHaití _xEmigración e inmigración _zRepública Dominicana _921531 |
|
| 650 | 4 |
_aRepública dominicana _xEmigración e inmigración _zHaití _921532 |
|
| 910 | _aValidado. Control de calidad. MMOLINA | ||
| 999 |
_c7595 _d7595 |
||